| 000 | 00332nam a2200145Ia 4500 | ||
|---|---|---|---|
| 008 | 230312s9999||||xx |||||||||||||| ||und|| | ||
| 020 | _a9781118130568 | ||
| 082 |
_a006.6 _bDER-I |
||
| 100 | _aArtin,Michael | ||
| 245 | 0 | _aAlgebra | |
| 260 |
_bWiley _aCanada _c2012 |
||
| 300 | _a626 | ||
| 650 |
_aComputer _vAnimation |
||
| 942 | _cBK | ||
| 999 |
_c17302 _d17302 |
||